| 000 | 01219cad a22002295a 4500 | ||
|---|---|---|---|
| 001 | L138790 | ||
| 008 | 070711s2007 xxkd f s 000 0 eng d | ||
| 035 | _a(Sirsi) u138790 | ||
| 041 | 0 | _aeng | |
| 050 | 0 | 4 | _a333.337 $2 18 |
| 110 | 2 |
_aCB Richard Ellis _93675 |
|
| 245 | 0 | 0 |
_aEMEA office market view _bfirst quarter 2007 _h[electronic resource] |
| 260 |
_a[S.l.] _bCBRE _c2007 |
||
| 490 | 0 |
_aEMEA Office Market View _vFirst Quarter 2007 |
|
| 520 | _aReports that demand for European offices remains strong. Prime office rents have increased at their fastest rate since 2001, with the CB Richard Ellis EU-15 Index recording an increase of 7.2% over the last year. Also notes an overall positive economic outlook and predicts that many European markets will experience further rental growth during 2007. | ||
| 590 | _aKA | ||
| 651 | 4 | _aEurope | |
| 690 | _aPROPERTY-COMMERCIAL PROPERTY-OFFICE PROPERTY-OFFICE PROPERTY MARKET | ||
| 690 | _aPROPERTY-COMMERCIAL PROPERTY-COMMERCIAL PROPERTY MARKET | ||
| 856 | 4 | 0 |
_uhttps://www.cbre.co.uk _zView the market view free of charge (go to the find a report section and highlight Pan-EMEA in the Europe, Middle East and Africa location box) at www.cbre.co.uk... |
| 942 | _n0 | ||
| 999 |
_c107252 _d107252 |
||